| 000 | 00471nam a2200169 a 4500 | ||
|---|---|---|---|
| 001 | 5707 | ||
| 003 | CDMR | ||
| 005 | 20130227140019.0 | ||
| 008 | 130130s ||||||||||||||||||||||||||||d | ||
| 020 | _a9788492827961 | ||
| 040 |
_aCDMR _bcat _cCPC LLEIDA |
||
| 245 | 0 | 0 |
_aLamolla _b: Mirall d'una època |
| 260 |
_a[Madrid] _bGobierno de España, Ministerio de Cultura |
||
| 260 |
_aLleida _bMuseu d'Art Jaume Morera _c2010 |
||
| 500 | _aCatàleg d'exposició | ||
| 942 |
_cMON _2ddc |
||
| 999 |
_c5707 _d5707 |
||